Zabezpečovacie operácie - hedging na termínových trhoch
Termínové komoditné burzy na obchodovanie s poľnohospodárskymi plodinami a živočíšnymi produktami. Účastníci obchodov. Zabezpečenie sa hedgerov pred prudkým cenovým poklesom. Praktický príklad. Časový priebeh transakcie. Výsledné efekty z transakcií. Základný cieľ cenového zabezpečenia (hedgingu).
Na minha lista:
| Autor principal: | |
|---|---|
| Formato: | Capítulo de Livro |
| Idioma: | eslovaco |
| Assuntos: | |
| Tags: |
Sem tags, seja o primeiro a adicionar uma tag!
|
MARC
| LEADER | 00000naa a2200000 4500 | ||
|---|---|---|---|
| 001 | r019007 | ||
| 005 | 20251104124125.8 | ||
| 041 | 0 | |a slo | |
| 044 | |a SK | ||
| 245 | 1 | 0 | |a Zabezpečovacie operácie - hedging na termínových trhoch |c I. Masár |
| 520 | |a Termínové komoditné burzy na obchodovanie s poľnohospodárskymi plodinami a živočíšnymi produktami. Účastníci obchodov. Zabezpečenie sa hedgerov pred prudkým cenovým poklesom. Praktický príklad. Časový priebeh transakcie. Výsledné efekty z transakcií. Základný cieľ cenového zabezpečenia (hedgingu). | ||
| 610 | 2 | 0 | |a obchody burzové |
| 610 | 2 | 0 | |a hedging |
| 610 | 2 | 0 | |a burzy |
| 610 | 2 | 0 | |a ceny |
| 610 | 2 | 0 | |a obchody termínové |
| 100 | 1 | |a Masár, I. | |